[Event "Deutsche Ländermeisterschaft 2023"]
[Site "Hannover GER"]
[Date "2023.10.04"]
[Round "6"]
[White "Nied, Pascal"]
[Black "Sidletskyi, Ivan"]
[Result "1/2-1/2"]
[Termination "normal"]
[Board "4.2"]
[BlackTitle "FM"]
[WhiteElo "2156"]
[BlackElo "2354"]
[WhiteClock "00:01:25"]
[BlackClock "00:03:15"]
[WhiteTeam "Baden"]
[BlackTeam "Rheinland-Pfalz"]
[PlyCount "171"]
[WhiteFideId "16260597"]
[BlackFideId "14156024"]
[EventCountry "GER"]
[EventRounds "7"]
[EventType "team-swiss"]
[EventDate "2023.09.30"]

1. e4 {[%clk 01:30:57]} {[%emt 00:00:02]} e6 {[%clk 01:30:43]} {[%emt
00:00:18]} 2. d4 {[%clk 01:31:20]} {[%emt 00:00:07]} d5 {[%clk 01:31:05]}
{[%emt 00:00:08]} 3. Nd2 {[%clk 01:31:29]} {[%emt 00:00:20]} Be7 {[%clk
01:31:26]} {[%emt 00:00:10]} 4. Ngf3 {[%clk 01:31:37]} {[%emt 00:00:22]} Nf6
{[%clk 01:31:20]} {[%emt 00:00:36]} 5. e5 {[%clk 01:32:01]} {[%emt 00:00:06]}
Nfd7 {[%clk 01:31:47]} {[%emt 00:00:03]} 6. Bd3 {[%clk 01:32:00]} {[%emt
00:00:30]} c5 {[%clk 01:31:56]} {[%emt 00:00:21]} 7. c3 {[%clk 01:32:25]}
{[%emt 00:00:05]} Nc6 {[%clk 01:32:07]} {[%emt 00:00:19]} 8. O-O {[%clk
01:32:20]} {[%emt 00:00:35]} g5 {[%clk 01:32:10]} {[%emt 00:00:28]} 9. Nb1
{[%clk 01:32:43]} {[%emt 00:00:07]} h5 {[%clk 01:21:52]} {[%emt 00:10:47]} 10.
Be2 {[%clk 01:26:00]} {[%emt 00:07:13]} g4 {[%clk 01:16:17]} {[%emt 00:06:05]}
11. Ne1 {[%clk 01:26:08]} {[%emt 00:00:22]} cxd4 {[%clk 01:13:30]} {[%emt
00:03:18]} 12. cxd4 {[%clk 01:26:15]} {[%emt 00:00:21]} Qb6 {[%clk 01:13:13]}
{[%emt 00:00:48]} 13. Nc2 {[%clk 01:23:39]} {[%emt 00:03:06]} f5 {[%clk
01:08:21]} {[%emt 00:05:22]} 14. exf6 {[%clk 01:02:06]} {[%emt 00:22:02]} Nxf6
{[%clk 01:08:36]} {[%emt 00:00:15]} 15. Nc3 {[%clk 00:50:03]} {[%emt 00:12:33]}
Bd7 {[%clk 01:06:35]} {[%emt 00:02:32]} 16. Bf4 {[%clk 00:47:23]} {[%emt
00:03:09]} a6 {[%clk 01:03:53]} {[%emt 00:03:13]} 17. Qd3 {[%clk 00:40:34]}
{[%emt 00:07:18]} Rg8 {[%clk 00:55:30]} {[%emt 00:08:53]} 18. Rab1 {[%clk
00:33:38]} {[%emt 00:07:26]} Rc8 {[%clk 00:53:26]} {[%emt 00:02:35]} 19. Qe3
{[%clk 00:23:58]} {[%emt 00:10:10]} Na5 {[%clk 00:48:35]} {[%emt 00:05:21]} 20.
Be5 {[%clk 00:22:37]} {[%emt 00:01:50]} Kd8 {[%clk 00:48:09]} {[%emt 00:00:57]}
21. Rfc1 {[%clk 00:13:08]} {[%emt 00:09:59]} Be8 {[%clk 00:40:50]} {[%emt
00:07:48]} 22. b3 {[%clk 00:11:43]} {[%emt 00:01:56]} Ne4 {[%clk 00:30:14]}
{[%emt 00:11:06]} 23. Na4 {[%clk 00:04:04]} {[%emt 00:08:09]} Qa7 {[%clk
00:29:09]} {[%emt 00:01:35]} 24. Ne1 {[%clk 00:02:25]} {[%emt 00:02:09]} Nc6
{[%clk 00:28:19]} {[%emt 00:01:21]} 25. Nd3 {[%clk 00:01:46]} {[%emt 00:01:09]}
Bg5 {[%clk 00:26:43]} {[%emt 00:02:05]} 26. Nf4 {[%clk 00:01:40]} {[%emt
00:00:36]} Bd7 {[%clk 00:21:06]} {[%emt 00:06:07]} 27. Nc5 {[%clk 00:01:10]}
{[%emt 00:01:00]} Nxe5 {[%clk 00:16:00]} {[%emt 00:05:36]} 28. Nfxe6+ {[%clk
00:01:10]} {[%emt 00:00:30]} Bxe6 {[%clk 00:14:04]} {[%emt 00:02:26]} 29. Nxe6+
{[%clk 00:01:38]} {[%emt 00:00:02]} Kd7 {[%clk 00:13:05]} {[%emt 00:01:29]} 30.
Nxg5 {[%clk 00:02:06]} {[%emt 00:00:02]} Rxc1+ {[%clk 00:13:18]} {[%emt
00:00:17]} 31. Rxc1 {[%clk 00:02:24]} {[%emt 00:00:13]} Rxg5 {[%clk 00:12:51]}
{[%emt 00:00:55]} 32. dxe5 {[%clk 00:02:15]} {[%emt 00:00:40]} Qxe3 {[%clk
00:13:16]} {[%emt 00:00:06]} 33. e6+ {[%clk 00:02:09]} {[%emt 00:00:35]} Kxe6
{[%clk 00:11:12]} {[%emt 00:02:34]} 34. fxe3 {[%clk 00:02:38]} {[%emt
00:00:02]} Re5 {[%clk 00:05:26]} {[%emt 00:06:16]} 35. Bd3 {[%clk 00:02:24]}
{[%emt 00:00:43]} Nf6 {[%clk 00:05:39]} {[%emt 00:00:17]} 36. Kf2 {[%clk
00:02:37]} {[%emt 00:00:17]} g3+ {[%clk 00:06:08]} {[%emt 00:00:01]} 37. hxg3
{[%clk 00:01:54]} {[%emt 00:01:12]} Ng4+ {[%clk 00:06:30]} {[%emt 00:00:08]}
38. Kf1 {[%clk 00:01:40]} {[%emt 00:00:44]} Nxe3+ {[%clk 00:05:52]} {[%emt
00:01:08]} 39. Kf2 {[%clk 00:01:49]} {[%emt 00:00:21]} Ng4+ {[%clk 00:05:18]}
{[%emt 00:01:04]} 40. Kf1 {[%clk 00:01:59]} {[%emt 00:00:19]} Kd6 {[%clk
00:02:00]} {[%emt 00:03:49]} 41. Re1 {[%clk 00:23:00]} {[%emt 00:09:29]} Rg5
{[%clk 00:31:32]} {[%emt 00:00:57]} 42. Be2 {[%clk 00:06:54]} {[%emt 00:16:36]}
Nf6 {[%clk 00:31:13]} {[%emt 00:00:49]} 43. Bf3 {[%clk 00:07:18]} {[%emt
00:00:06]} Rxg3 {[%clk 00:31:22]} {[%emt 00:00:20]} 44. Rc1 {[%clk 00:05:49]}
{[%emt 00:01:59]} Rg7 {[%clk 00:28:51]} {[%emt 00:03:01]} 45. Kf2 {[%clk
00:05:18]} {[%emt 00:01:01]} Ke5 {[%clk 00:27:33]} {[%emt 00:01:48]} 46. Ke3
{[%clk 00:02:26]} {[%emt 00:03:23]} h4 {[%clk 00:26:14]} {[%emt 00:01:49]} 47.
Rh1 {[%clk 00:02:05]} {[%emt 00:00:50]} Rh7 {[%clk 00:26:09]} {[%emt 00:00:35]}
48. Kd3 {[%clk 00:01:32]} {[%emt 00:01:03]} b5 {[%clk 00:24:37]} {[%emt
00:02:02]} 49. Re1+ {[%clk 00:00:45]} {[%emt 00:01:17]} Kd6 {[%clk 00:24:20]}
{[%emt 00:00:46]} 50. Rh1 {[%clk 00:01:02]} {[%emt 00:00:13]} a5 {[%clk
00:23:10]} {[%emt 00:01:40]} 51. Kd4 {[%clk 00:00:51]} {[%emt 00:00:42]} b4
{[%clk 00:22:21]} {[%emt 00:01:19]} 52. Kd3 {[%clk 00:01:08]} {[%emt 00:00:12]}
Ke5 {[%clk 00:22:25]} {[%emt 00:00:26]} 53. Rh3 {[%clk 00:01:04]} {[%emt
00:00:34]} Nd7 {[%clk 00:19:10]} {[%emt 00:03:45]} 54. g3 {[%clk 00:01:06]}
{[%emt 00:00:29]} Nc5+ {[%clk 00:17:22]} {[%emt 00:02:18]} 55. Ke2 {[%clk
00:01:34]} {[%emt 00:00:02]} Ne6 {[%clk 00:17:33]} {[%emt 00:00:20]} 56. Rxh4
{[%clk 00:01:10]} {[%emt 00:00:53]} Nd4+ {[%clk 00:18:02]} 57. Kf2 {[%clk
00:01:21]} {[%emt 00:00:20]} Rf7 {[%clk 00:18:12]} {[%emt 00:00:19]} 58. Rf4
{[%clk 00:01:25]} {[%emt 00:00:26]} Rc7 {[%clk 00:18:23]} {[%emt 00:00:19]} 59.
Bd1 {[%clk 00:01:21]} {[%emt 00:00:34]} Rc1 {[%clk 00:17:50]} {[%emt 00:01:03]}
60. Ke1 {[%clk 00:01:10]} {[%emt 00:00:41]} Nf5 {[%clk 00:17:20]} {[%emt
00:01:00]} 61. Rf3 {[%clk 00:00:41]} {[%emt 00:00:59]} d4 {[%clk 00:16:54]}
{[%emt 00:00:56]} 62. Rd3 {[%clk 00:00:35]} {[%emt 00:00:36]} Ke4 {[%clk
00:11:25]} {[%emt 00:05:58]} 63. Ke2 {[%clk 00:00:48]} {[%emt 00:00:17]} Ne3
{[%clk 00:08:11]} {[%emt 00:03:45]} 64. Rd2 {[%clk 00:01:01]} {[%emt 00:00:17]}
Rc7 {[%clk 00:04:51]} {[%emt 00:03:50]} 65. Kf2 {[%clk 00:00:33]} {[%emt
00:00:58]} d3 {[%clk 00:04:19]} {[%emt 00:01:02]} 66. Bf3+ {[%clk 00:00:36]}
{[%emt 00:00:27]} Kd4 {[%clk 00:04:44]} {[%emt 00:00:05]} 67. g4 {[%clk
00:00:52]} {[%emt 00:00:14]} Kc3 {[%clk 00:03:55]} {[%emt 00:01:20]} 68. Kxe3
{[%clk 00:00:53]} {[%emt 00:00:29]} Re7 {[%clk 00:04:24]} 69. Be4 {[%clk
00:01:19]} {[%emt 00:00:03]} Rxe4 {[%clk 00:04:49]} {[%emt 00:00:05]} 70. Kxe4
{[%clk 00:01:47]} {[%emt 00:00:02]} Kxd2 {[%clk 00:05:13]} {[%emt 00:00:06]}
71. g5 {[%clk 00:02:17]} Ke2 {[%clk 00:05:39]} {[%emt 00:00:04]} 72. g6 {[%clk
00:02:43]} {[%emt 00:00:04]} d2 {[%clk 00:06:08]} {[%emt 00:00:02]} 73. g7
{[%clk 00:03:09]} {[%emt 00:00:03]} d1=Q {[%clk 00:06:34]} {[%emt 00:00:04]}
74. g8=Q {[%clk 00:03:36]} {[%emt 00:00:03]} Qd3+ {[%clk 00:04:08]} {[%emt
00:02:55]} 75. Ke5 {[%clk 00:03:38]} {[%emt 00:00:28]} Kd2 {[%clk 00:03:27]}
{[%emt 00:01:11]} 76. Qg2+ {[%clk 00:01:52]} {[%emt 00:02:16]} Kc1 {[%clk
00:02:55]} {[%emt 00:01:02]} 77. Qg1+ {[%clk 00:00:41]} {[%emt 00:01:41]} Kb2
{[%clk 00:03:05]} 78. Qf2+ {[%clk 00:00:45]} {[%emt 00:00:46]} Qc2 {[%clk
00:02:42]} 79. Qb6 {[%clk 00:00:44]} {[%emt 00:01:23]} Kxa2 {[%clk 00:02:12]}
{[%emt 00:01:00]} 80. Qxa5+ {[%clk 00:01:09]} {[%emt 00:00:06]} Kxb3 {[%emt
00:01:08]} 81. Kf6 {[%clk 00:00:33]} {[%emt 00:00:05]} Qc3+ {[%clk 00:02:44]}
{[%emt 00:00:21]} 82. Kg6 {[%clk 00:00:33]} {[%emt 00:00:31]} Kc4 {[%clk
00:03:03]} 83. Kh6 {[%clk 00:00:32]} {[%emt 00:00:41]} b3 {[%clk 00:03:15]} 84.
Qf5 {[%clk 00:00:44]} {[%emt 00:00:36]} Qc1+ {[%clk 00:02:54]} 85. Qf1+ {[%clk
00:00:57]} {[%emt 00:01:09]} Kc3+ {[%clk 00:03:15]} 86. Qf5 {[%clk 00:01:25]}
{[%emt 00:00:10]} *

[Event "Deutsche Ländermeisterschaft 2023"]
[Site "Hannover GER"]
[Date "2023.10.04"]
[Round "6"]
[White "Musiolik, David"]
[Black "Hecht, Jonas Christian"]
[Result "1-0"]
[Termination "normal"]
[Board "4.3"]
[WhiteElo "2263"]
[BlackElo "1999"]
[WhiteClock "00:01:50"]
[BlackClock "00:02:30"]
[WhiteTeam "Rheinland-Pfalz"]
[BlackTeam "Baden"]
[PlyCount "75"]
[WhiteFideId "12972355"]
[BlackFideId "16214846"]
[EventCountry "GER"]
[EventRounds "7"]
[EventType "team-swiss"]
[EventDate "2023.09.30"]

1. Nf3 {[%clk 01:30:54]} {[%emt 00:00:05]} Nf6 {[%clk 01:30:55]} {[%emt
00:00:05]} 2. c4 {[%clk 01:31:07]} {[%emt 00:00:16]} e6 {[%clk 01:31:20]}
{[%emt 00:00:06]} 3. Nc3 {[%clk 01:31:16]} {[%emt 00:00:21]} d5 {[%clk
01:31:33]} {[%emt 00:00:17]} 4. e3 {[%clk 01:31:15]} {[%emt 00:00:32]} Bd6
{[%clk 01:31:41]} {[%emt 00:00:21]} 5. b3 {[%clk 01:29:55]} {[%emt 00:01:50]}
O-O {[%clk 01:31:08]} {[%emt 00:01:04]} 6. Bb2 {[%clk 01:28:43]} {[%emt
00:01:43]} Re8 {[%clk 01:30:10]} {[%emt 00:01:27]} 7. Be2 {[%clk 01:19:38]}
{[%emt 00:09:35]} b6 {[%clk 01:26:27]} {[%emt 00:04:14]} 8. cxd5 {[%clk
01:15:27]} {[%emt 00:04:42]} exd5 {[%clk 01:26:46]} {[%emt 00:00:10]} 9. Nb5
{[%clk 01:12:31]} {[%emt 00:03:26]} Be7 {[%clk 01:17:00]} {[%emt 00:10:16]} 10.
Be5 {[%clk 01:11:42]} {[%emt 00:01:18]} Na6 {[%clk 01:16:02]} {[%emt 00:01:28]}
11. Qc1 {[%clk 01:06:02]} {[%emt 00:06:09]} c5 {[%clk 01:09:18]} {[%emt
00:07:14]} 12. O-O {[%clk 01:05:22]} {[%emt 00:01:18]} Bg4 {[%clk 01:07:21]}
{[%emt 00:02:19]} 13. d4 {[%clk 01:01:33]} {[%emt 00:04:20]} Qd7 {[%clk
00:57:22]} {[%emt 00:10:29]} 14. Nc3 {[%clk 01:00:46]} {[%emt 00:01:16]} Nb4
{[%clk 00:56:24]} {[%emt 00:01:28]} 15. Rd1 {[%clk 00:49:48]} {[%emt 00:11:28]}
Red8 {[%clk 00:41:21]} {[%emt 00:15:34]} 16. Bg3 {[%clk 00:42:26]} {[%emt
00:07:52]} Qf5 {[%clk 00:31:39]} {[%emt 00:10:12]} 17. a3 {[%clk 00:19:59]}
{[%emt 00:22:57]} Nc6 {[%clk 00:22:46]} {[%emt 00:09:22]} 18. Ne5 {[%clk
00:20:03]} {[%emt 00:00:26]} Na5 {[%clk 00:11:40]} {[%emt 00:11:36]} 19. Nxg4
{[%clk 00:15:11]} {[%emt 00:05:23]} Nxg4 {[%clk 00:11:59]} {[%emt 00:00:11]}
20. dxc5 {[%clk 00:15:19]} {[%emt 00:00:22]} bxc5 {[%clk 00:10:16]} {[%emt
00:02:12]} 21. Qb1 {[%clk 00:15:32]} {[%emt 00:00:17]} Qe6 {[%clk 00:08:02]}
{[%emt 00:02:44]} 22. Nxd5 {[%clk 00:08:50]} {[%emt 00:07:11]} Rxd5 {[%clk
00:04:06]} {[%emt 00:04:27]} 23. Rxd5 {[%clk 00:08:26]} {[%emt 00:00:54]} Qxd5
{[%clk 00:04:32]} {[%emt 00:00:04]} 24. Bf3 {[%clk 00:05:43]} {[%emt 00:03:12]}
Qd8 {[%clk 00:03:33]} {[%emt 00:01:28]} 25. Qe4 {[%clk 00:04:27]} {[%emt
00:01:47]} Rc8 {[%clk 00:03:35]} {[%emt 00:00:29]} 26. Bxg4 {[%clk 00:03:45]}
{[%emt 00:01:12]} Rc6 {[%clk 00:02:13]} {[%emt 00:01:52]} 27. b4 {[%clk
00:03:24]} {[%emt 00:00:50]} cxb4 {[%clk 00:02:38]} {[%emt 00:00:05]} 28. axb4
{[%clk 00:02:23]} {[%emt 00:01:31]} Rc4 {[%clk 00:02:58]} {[%emt 00:00:10]} 29.
Qf5 {[%clk 00:01:36]} {[%emt 00:01:18]} Bxb4 {[%clk 00:03:19]} {[%emt
00:00:08]} 30. Rd1 {[%clk 00:01:40]} {[%emt 00:00:25]} Qf8 {[%clk 00:02:26]}
{[%emt 00:01:24]} 31. h3 {[%clk 00:01:41]} {[%emt 00:00:29]} Nb3 {[%clk
00:01:45]} {[%emt 00:01:11]} 32. Rd7 {[%clk 00:00:48]} {[%emt 00:01:23]} a5
{[%clk 00:01:24]} {[%emt 00:00:52]} 33. Kh2 {[%clk 00:00:53]} {[%emt 00:00:26]}
a4 {[%clk 00:01:25]} {[%emt 00:00:29]} 34. Qd5 {[%clk 00:00:59]} {[%emt
00:00:24]} Rc8 {[%clk 00:01:33]} {[%emt 00:00:22]} 35. Rxf7 {[%clk 00:01:09]}
{[%emt 00:00:20]} Qc5 {[%clk 00:01:46]} {[%emt 00:00:17]} 36. Qd7 {[%clk
00:01:11]} {[%emt 00:00:28]} Bc3 {[%clk 00:02:05]} {[%emt 00:00:11]} 37. Be6
{[%clk 00:01:28]} {[%emt 00:00:13]} Kh8 {[%clk 00:02:30]} {[%emt 00:00:06]} 38.
Qxc8+ {[%clk 00:01:50]} {[%emt 00:00:08]} 1-0

[Event "Deutsche Ländermeisterschaft 2023"]
[Site "Hannover GER"]
[Date "2023.10.04"]
[Round "6"]
[White "Basovskiy, Jana"]
[Black "Weber, Nikita"]
[Result "1/2-1/2"]
[Termination "normal"]
[Board "4.4"]
[WhiteElo "1846"]
[BlackElo "1865"]
[WhiteClock "00:05:19"]
[BlackClock "01:32:01"]
[WhiteTeam "Baden"]
[BlackTeam "Rheinland-Pfalz"]
[PlyCount "129"]
[WhiteFideId "16208617"]
[BlackFideId "34608770"]
[EventCountry "GER"]
[EventRounds "7"]
[EventType "team-swiss"]
[EventDate "2023.09.30"]

1. e4 {[%clk 01:30:59]} c6 {[%clk 01:30:57]} {[%emt 00:00:04]} 2. d4 {[%clk
01:31:25]} {[%emt 00:00:04]} d5 {[%clk 01:31:24]} {[%emt 00:00:03]} 3. e5
{[%clk 01:31:52]} {[%emt 00:00:03]} Bf5 {[%clk 01:31:51]} {[%emt 00:00:03]} 4.
h4 {[%clk 01:32:18]} {[%emt 00:00:04]} h5 {[%clk 01:32:19]} {[%emt 00:00:02]}
5. Bd3 {[%clk 01:30:24]} {[%emt 00:02:24]} Bxd3 {[%clk 01:32:43]} {[%emt
00:00:07]} 6. Qxd3 {[%clk 01:30:50]} {[%emt 00:00:04]} e6 {[%clk 01:33:01]}
{[%emt 00:00:12]} 7. Nf3 {[%clk 01:25:44]} {[%emt 00:05:35]} Ne7 {[%clk
01:32:52]} {[%emt 00:00:39]} 8. Bg5 {[%clk 01:00:02]} {[%emt 00:26:13]} Qc7
{[%clk 01:33:08]} {[%emt 00:00:15]} 9. Nbd2 {[%clk 01:00:05]} {[%emt 00:00:27]}
Nf5 {[%clk 01:33:31]} {[%emt 00:00:07]} 10. c4 {[%clk 00:49:40]} {[%emt
00:10:55]} Nd7 {[%clk 01:32:14]} {[%emt 00:01:46]} 11. cxd5 {[%clk 00:43:37]}
{[%emt 00:06:34]} cxd5 {[%clk 01:32:42]} {[%emt 00:00:02]} 12. O-O {[%clk
00:43:59]} {[%emt 00:00:08]} Rc8 {[%clk 01:32:08]} {[%emt 00:01:04]} 13. Rac1
{[%clk 00:43:33]} {[%emt 00:00:55]} Qxc1 {[%clk 01:31:17]} {[%emt 00:01:22]}
14. Rxc1 {[%clk 00:43:57]} {[%emt 00:00:06]} Rxc1+ {[%clk 01:31:44]} {[%emt
00:00:03]} 15. Kh2 {[%clk 00:43:36]} {[%emt 00:00:51]} Rc7 {[%clk 01:25:11]}
{[%emt 00:07:04]} 16. Nb3 {[%clk 00:38:12]} {[%emt 00:05:53]} Be7 {[%clk
01:23:29]} {[%emt 00:02:12]} 17. Bxe7 {[%clk 00:32:32]} {[%emt 00:06:09]} Nxe7
{[%clk 01:21:10]} {[%emt 00:02:50]} 18. Qd2 {[%clk 00:27:36]} {[%emt 00:05:25]}
Nc6 {[%clk 01:18:40]} {[%emt 00:03:01]} 19. Qg5 {[%clk 00:26:18]} {[%emt
00:01:48]} g6 {[%clk 01:18:09]} {[%emt 00:01:03]} 20. Qf4 {[%clk 00:25:08]}
{[%emt 00:01:39]} Ne7 {[%clk 01:15:32]} {[%emt 00:03:07]} 21. Qd2 {[%clk
00:19:22]} {[%emt 00:06:15]} Nb8 {[%clk 01:13:05]} {[%emt 00:02:58]} 22. Nc5
{[%clk 00:13:49]} {[%emt 00:06:04]} b6 {[%clk 01:12:23]} {[%emt 00:01:11]} 23.
Na4 {[%clk 00:14:10]} {[%emt 00:00:08]} Nbc6 {[%clk 01:11:25]} {[%emt
00:01:28]} 24. Nc3 {[%clk 00:13:39]} {[%emt 00:01:01]} a6 {[%clk 01:10:25]}
{[%emt 00:01:31]} 25. Na4 {[%clk 00:13:21]} {[%emt 00:00:47]} Rb7 {[%clk
01:09:11]} {[%emt 00:01:44]} 26. Qd3 {[%clk 00:12:20]} {[%emt 00:01:29]} Nb8
{[%clk 01:03:27]} {[%emt 00:06:16]} 27. Qb3 {[%clk 00:12:00]} {[%emt 00:00:50]}
O-O {[%clk 01:03:19]} {[%emt 00:00:38]} 28. Nc5 {[%clk 00:11:54]} {[%emt
00:00:37]} Rc7 {[%clk 01:01:34]} {[%emt 00:02:14]} 29. Qxb6 {[%clk 00:12:20]}
{[%emt 00:00:04]} Rfc8 {[%clk 01:01:56]} {[%emt 00:00:08]} 30. Nxa6 {[%clk
00:05:52]} {[%emt 00:06:58]} Nxa6 {[%clk 01:00:17]} {[%emt 00:02:09]} 31. Qxa6
{[%clk 00:06:20]} {[%emt 00:00:02]} Nf5 {[%clk 01:00:30]} {[%emt 00:00:17]} 32.
Qb6 {[%clk 00:05:45]} {[%emt 00:01:05]} Rc2 {[%clk 01:00:26]} {[%emt 00:00:35]}
33. Qb7 {[%clk 00:06:07]} {[%emt 00:00:07]} R8c7 {[%clk 01:00:12]} {[%emt
00:00:44]} 34. Qb8+ {[%clk 00:06:29]} {[%emt 00:00:08]} Rc8 {[%clk 01:00:12]}
{[%emt 00:00:30]} 35. Qb7 {[%clk 00:06:57]} {[%emt 00:00:02]} R8c7 {[%clk
01:00:32]} {[%emt 00:00:09]} 36. Qb6 {[%clk 00:06:29]} {[%emt 00:00:58]} Rc8
{[%clk 01:00:53]} {[%emt 00:00:10]} 37. Qa6 {[%clk 00:04:05]} {[%emt 00:02:53]}
R8c6 {[%clk 01:00:44]} {[%emt 00:00:39]} 38. Qa4 {[%clk 00:04:09]} {[%emt
00:00:26]} Rc8 {[%clk 01:00:32]} {[%emt 00:00:42]} 39. Qd7 {[%clk 00:04:07]}
{[%emt 00:00:32]} R2c7 {[%clk 01:00:28]} {[%emt 00:00:34]} 40. Qb5 {[%clk
00:03:42]} {[%emt 00:00:53]} Rc2 {[%clk 01:00:14]} {[%emt 00:00:46]} 41. Qb7
{[%clk 00:18:58]} {[%emt 00:15:14]} R8c7 {[%clk 01:29:44]} {[%emt 00:01:00]}
42. Qb6 {[%clk 00:19:05]} {[%emt 00:00:23]} R2c6 {[%clk 01:29:58]} {[%emt
00:00:16]} 43. Qb5 {[%clk 00:19:15]} {[%emt 00:00:19]} Rc8 {[%clk 01:29:10]}
{[%emt 00:01:18]} 44. a4 {[%clk 00:18:41]} {[%emt 00:01:05]} Rc2 {[%clk
01:29:15]} {[%emt 00:00:25]} 45. Qb7 {[%clk 00:16:54]} {[%emt 00:02:16]} R2c7
{[%clk 01:29:38]} {[%emt 00:00:08]} 46. Qa6 {[%clk 00:16:30]} {[%emt 00:00:54]}
Rc6 {[%clk 01:30:02]} {[%emt 00:00:06]} 47. Qb7 {[%clk 00:15:35]} {[%emt
00:01:24]} R6c7 {[%clk 01:30:31]} {[%emt 00:00:02]} 48. Qb4 {[%clk 00:14:30]}
{[%emt 00:01:33]} Rc4 {[%clk 01:30:39]} {[%emt 00:00:23]} 49. Qb7 {[%clk
00:14:51]} {[%emt 00:00:10]} R4c7 {[%clk 01:30:16]} {[%emt 00:00:53]} 50. Qb5
{[%clk 00:14:48]} {[%emt 00:00:32]} Rc2 {[%clk 01:29:51]} {[%emt 00:03:30]} 51.
a5 {[%emt 00:12:02]} Rxf2 {[%clk 01:30:11]} {[%emt 00:00:06]} 52. a6 {[%clk
00:03:48]} {[%emt 00:00:03]} Rcc2 {[%clk 01:30:25]} {[%emt 00:00:15]} 53. Ne1
{[%clk 00:04:17]} {[%emt 00:00:02]} Rxb2 {[%clk 01:30:21]} {[%emt 00:00:33]}
54. Qe8+ {[%clk 00:04:44]} {[%emt 00:00:03]} Kg7 {[%clk 01:30:45]} {[%emt
00:00:06]} 55. a7 {[%clk 00:05:08]} {[%emt 00:00:06]} Ra2 {[%clk 01:30:56]}
{[%emt 00:00:19]} 56. a8=Q {[%clk 00:05:30]} {[%emt 00:00:08]} Rxa8 {[%clk
01:31:23]} {[%emt 00:00:03]} 57. Qxa8 {[%clk 00:05:55]} {[%emt 00:00:05]} Nxd4
{[%clk 01:31:34]} {[%emt 00:00:19]} 58. Qa7 {[%clk 00:05:27]} {[%emt 00:00:58]}
Re2 {[%clk 01:30:56]} {[%emt 00:01:08]} 59. Qxd4 {[%clk 00:05:47]} {[%emt
00:00:10]} Rxe1 {[%clk 01:31:24]} {[%emt 00:00:02]} 60. Qf4 {[%clk 00:05:34]}
{[%emt 00:00:42]} Re4 {[%clk 01:31:52]} {[%emt 00:00:03]} 61. Qf6+ {[%clk
00:06:00]} {[%emt 00:00:04]} Kg8 {[%clk 01:31:56]} {[%emt 00:00:26]} 62. Kg1
{[%clk 00:05:55]} {[%emt 00:00:34]} Rg4 {[%clk 01:31:13]} {[%emt 00:01:14]} 63.
Kf2 {[%clk 00:06:09]} {[%emt 00:00:15]} Re4 {[%clk 01:31:41]} {[%emt 00:00:03]}
64. Qd8+ {[%clk 00:05:32]} {[%emt 00:01:07]} Kg7 {[%clk 01:32:01]} {[%emt
00:00:10]} 65. Qf6+ {[%clk 00:05:19]} {[%emt 00:00:43]} 1/2-1/2